| 000 | 00714nam a2200241Ia 4500 | ||
|---|---|---|---|
| 003 | OSt | ||
| 005 | 20220925205810.0 | ||
| 006 | a|||||r|||| 00| 0 | ||
| 007 | ta | ||
| 008 | 220923b |||||||| |||| 00| 0 eng d | ||
| 037 | _cGeneral Book | ||
| 040 |
_aRTL _cRTL _beng |
||
| 041 |
_2eng _aeng |
||
| 082 | _aV216,4.N83<--N53, M3 | ||
| 100 |
_aHanumantha Rao V _9271048 |
||
| 245 | 0 | _aParty politics in Andhra Pradesh, 1956-1983 | |
| 260 |
_aHyderabad _bA B A Publications _c1983 |
||
| 300 |
_a334p _ccm. |
||
| 500 | _aBibliography chapterwise | ||
| 650 |
_aHistory Andhra Pradesh _9271049 |
||
| 942 |
_hV216,4.N83<--N53, M3 _cGB _2CC |
||
| 999 |
_c553238 _d553238 |
||